ECONOMIC PHILOSOPHY OF DEENDYAL UPADHYAYA (Record no. 32045)
[ view plain ]
| 000 -LEADER | |
|---|---|
| fixed length control field | 00299nam a22001217a 4500 |
| 003 - CONTROL NUMBER IDENTIFIER | |
| control field | SGT |
| 082 ## - DEWEY DECIMAL CLASSIFICATION NUMBER | |
| Classification number | 330 |
| Item number | E02S |
| 100 ## - MAIN ENTRY--PERSONAL NAME | |
| Personal name | SHARMA, MAHESH CHANDRA |
| 245 ## - TITLE STATEMENT | |
| Title | ECONOMIC PHILOSOPHY OF DEENDYAL UPADHYAYA |
| 260 ## - PUBLICATION, DISTRIBUTION, ETC. (IMPRINT) | |
| Name of publisher, distributor, etc | RESEARCH AND DEVELOPMENT FOUNDATION |
| Year of Publication | 2002 |
| 300 ## - PAGE DESCRIPTION | |
| No. of Pages | 100 |
| 942 ## - ADDED ENTRY ELEMENTS (KOHA) | |
| Source of classification or shelving scheme | Dewey Decimal Classification |
| Koha item type | Books |
| Withdrawn status | Lost status | Source of classification or shelving scheme | Damaged status | Not for loan | Home library | Current library | Shelving location | Date acquired | SGTU | Total Checkouts | Full call number | Accession No. (Barcode) | Date last seen | Bill Date | Koha item type |
|---|---|---|---|---|---|---|---|---|---|---|---|---|---|---|---|
| Dewey Decimal Classification | Not For Loan | SGT Chancellor's Library | SGT Chancellor's Library | Reference Book | 05/07/2025 | SGTU | 330 E02S | CH4066 | 05/07/2025 | 05/07/2025 | Books |